[Event "Amager Spring D"]
[Site "Amager"]
[Date "2010.06.15"]
[Round "5"]
[White "Krommenhoek, Daniel"]
[Black "Meldal, Peter"]
[Result "1-0"]
[WhiteElo "1300"]
[BlackElo "1180"]
[PlyCount "61"]
[EventDate "2010.05.11"]
[EventType "swiss"]
[EventRounds "5"]
[EventCountry "DEN"]
[SourceTitle "EXT 2023"]
[Source "ChessBase"]
[SourceDate "2022.10.05"]
[SourceVersion "1"]
[SourceVersionDate "2022.10.05"]
[SourceQuality "1"]

1. e4 e5 2. Nf3 Nc6 3. Nc3 d6 4. Be2 Bg4 5. d3 Nf6 6. Bg5 Be7 7. Nh4 Bxe2 8. Qxe2 h6 9. Bxf6 Bxf6 10. Nf5 0-0 11. h4 Ne7 12. g4 Nxf5 13. gxf5 Bxh4 14. 0-0-0 Bg5+ 15. Kb1 c6 16. Rdg1 b5 17. Qg4 f6 18. d4 exd4 19. Ne2 Qe7 20. Nxd4 d5 21. Nxc6 Qxe4 22. Qh5 Rfc8 23. Re1 Qc4 24. Ne7+ Kh8 25. Nxc8 Qxc8 26. Re6 Bd2 27. Rd1 Bf4 28. Rde1 Be5 29. f4 Bc7 30. Re8+ Qxe8 31. Rxe8+ 1-0